000 00509nam a2200169Ia 4500
008 240729s9999 xx 000 0 und d
022 _a1982-3932
245 0 _aJournal of Urban and Environmental Engineering
260 _aBrazil
260 _bUniversity of Paraiba
650 _a Engineering (General). Civil engineering (General)
650 _a Environmental engineering
650 _aTechnology
856 _uhttps://doaj.org/toc/acc1ffb26ea9406395551ddcdf998f93
942 _2ddc
942 _cDOAJEJ
999 _c72023
_d72023
945 _a1
_bMadushi Gamage
_c1
_dMadushi Gamage